| 000 | 00597nam a2200217Ia 4500 | ||
|---|---|---|---|
| 005 | 20250326144153.0 | ||
| 008 | 250326s9999 xx 000 0 und d | ||
| 020 | _a978-0-19-953519-4 | ||
| 037 | _aTextbook | ||
| 040 |
_aFMSL _beng _cFMSL |
||
| 041 |
_aeng _2eng |
||
| 084 |
_aX.41 P8 _qFMSL |
||
| 100 |
_aWan ` Guanghua Ed. _9451995 |
||
| 245 | 0 |
_aInequality and growth in modern china _cWan ` Guanghua Ed. |
|
| 260 |
_aNY _bNY, Oxford Univeersity _c2008 |
||
| 300 | _axxiii,211 | ||
| 365 | _b995 | ||
| 650 | _aEconomics | ||
| 942 |
_cTB _hX.41 P8 |
||
| 999 |
_c1302647 _d1302647 |
||